As três irmãs e a ilha do tesouro | As três irmãs e o feiticeiro de Oz | As três irmãs e Sandokan (Record no. 44854)

MARC details
000 -Etiqueta do registo
Valores 00463nam a2200169 4500
100 ## - Dados gerais de processamento
Dados gerais 20250926 pory50
101 ## - Língua de publicação
Língua por
102 ## - País de publicação
País PT
200 ## - Titulo e menção de responsabilidade
Título próprio As três irmãs e a ilha do tesouro
-- As três irmãs e o feiticeiro de Oz
-- As três irmãs e Sandokan
210 ## - Publicação
Local de publicação Lisboa
Nome do editor Cromosoma
-- dist. Filmes Unimundos
Data de publicação 2007
215 ## - Descrição física 
Paginação / Volumes 1 DVD
300 ## - Notas gerais 
Texto da nota M/4<br/>78 m.
675 ## - CDU
Notação 087.5
801 ## - Fonte de origem
País PT
Regras de catalogação RPC
990 ## - Elementos KOHA
Tipo de documento Filme DVD
Holdings
Aquisição Empréstimo Código de barras Cota Permissão de empréstimo Tipo de documento Nota relativa ao exemplar
Biblioteca Escolar Doutor Hernâni Cidade Biblioteca Escolar Doutor Hernâni Cidade 80965 ANIM TRE   Livro 502 Filme de animação para crianças

Powered by Koha